00258nam a22001217a 4500003000400000020001800004082001800022100001600040245002700056250000600083260003900089300000800128OSt a9788182901001 a658.8bWIL/PR aWillams, PJ aPractical salesmanship a1 aGurgaowbShubhi publicationsc2007 a263